Fundamentals of DRAM design and analysis

Salvato in:
Dettagli Bibliografici
Autore principale: You, Younggap (Autore)
Natura: Libro
Lingua:inglese
Pubblicazione: Chungbuk National University 2004
Soggetti:
Tags: Aggiungi Tag
Nessun Tag, puoi essere il primo ad aggiungerne!!

MARC

LEADER 00000nam a2200000 a 4500
001 UCK0941
003 CL-VaPUC
008 041029e20040000ko |||||||||||||||||eng|d
020 |a 8972951196 
082 0 4 |a 621.39732  |b YOU  |2 21 
100 0 |a You, Younggap  |e author  |9 488734 
245 1 0 |a Fundamentals of DRAM design and analysis 
300 |a 445 p 
942 |c BK 
945 |d 20041029 00:00:00  |a cmena 
260 |b Chungbuk National University  |c 2004 
650 0 |a Semiconductores  |9 260250 
650 0 |a Memoria  |9 266549 
650 0 |a Circuitos integrados   |9 260673 
650 0 |a Almacenamiento de datos   |9 488735 
583 |a last modification  |c 20130822 02:27:27  |k Rodrigo Vera 
999 |c 311088  |d 311086 
952 |0 0  |1 0  |4 0  |6 621_397320000000000_YOU_2004  |7 0  |8 A  |9 380300  |a BIBING  |b BIBING  |d 2019-11-21  |i 4068971  |l 3  |m 4  |o 621.39732 YOU 2004  |p 4068971  |r 2025-01-20  |s 2024-09-16  |w 2019-11-21  |y BK  |k EIE